| 000 | 00807nam a2200193 4500 | ||
|---|---|---|---|
| 001 | 126658 | ||
| 003 | ES-MaACL | ||
| 005 | 20230906192845.0 | ||
| 007 | t| | ||
| 008 | 070214s1963 mx r ||||1| spa d | ||
| 100 | 1 |
_aReshetar, John S. _996323 |
|
| 245 | 1 | 0 |
_aBreve historia del Partido Comunista de la Unión Soviética / _cpor John S. Reshetar ; [versión española de Andrés M. Mateo]. |
| 260 |
_aMéxico : _bLibreros Mexicanos Unidos, _c1963. |
||
| 300 |
_a303 p. ; _c23 cm. |
||
| 500 | _aPrecede al tít.: Instituto de Investigación de Política Exterior (The Foreign Policy Research Institute), Universidad de Pensilvania. | ||
| 700 | 1 |
_aMateo, Andrés M. _978937 |
|
| 710 | 2 |
_aUniversidad de Pensilvania. _bThe Foreign Policy Research Institute. _97271 |
|
| 852 |
_aES-MaACL _jC-24816 _bR.53548 |
||
| 999 |
_c126658 _d126658 |
||